Imiona streamerow - dla Ignacego - Statystyki

Ogólne statystyki
  • Ten quiz został rozwiązany 689 razy
  • Średni wynik to 15 z 21
Statystyki odpowiedzi
nick imie % Poprawnych
izakooo Piotr
98%
isamuxlive Szymon
86%
kubon_ Jakub
85%
xayoo_ Marcin
84%
jankos Marcin
84%
thenitrozyniak Sergiusz
83%
overpow Remigiusz
80%
rockalone Remigiusz
80%
disstream Norbert
79%
pashabiceps Jarosław
75%
inetkoxtv_Saju Paweł
75%
leh_tv Paweł
75%
byalli Paweł
75%
nervarien Damian
67%
inetkoxtv_Easy Patryk
63%
lachu Patryk
63%
pago3 Mateusz
56%
arquel Krzysztof
52%
ewroon Kamil
46%
g5taz Wiktor
39%
brunecia Katarzyna
20%
Nie znaleziono quizów pasujących do podanych kryteriów
Rozkład punktacji
Procent ludzi z każdym wynikiem
Percentyl według liczby udzielonych odpowiedzi
Twoja historia wyników
Nie rozwiązałeś tego quizu